Normal view
MARC view
- Multicom Services
Entry Personal Name
001 - CONTROL NUMBER
- control field: 26590
003 - CONTROL NUMBER IDENTIFIER
- control field: NUST
005 - DATE AND TIME OF LATEST TRANSACTION
- control field: 20191209105706.0
008 - FIXED-LENGTH DATA ELEMENTS
- fixed length control field: 191209|| aca||aabn | a|a d
040 ## - CATALOGING SOURCE
- Original cataloging agency: NUST
- Transcribing agency: NUST
100 ## - HEADING--PERSONAL NAME
- Personal name: Multicom Services
670 ## - SOURCE DATA FOUND
- Source citation: Work cat.: (NUST): Multicom Services, Final Report : Study on the Environmental Impacts of a Major Truck Freight Corridor in Pakistan, c2015
